| 000 | 00456nam a2200157Ia 4500 | ||
|---|---|---|---|
| 003 | GCL | ||
| 008 | 140319s9999 xx 000 0 eng d | ||
| 040 |
_aGCL / _cGCL |
||
| 082 | 0 | 4 |
_a658.45 _bMC |
| 100 | 1 | _aMARUYAMA, MAGOROH | |
| 245 | 1 | 0 |
_aCONTEXT AND COMPLEXITY: CULTIVATING CONTEXTUAL UNDERSTANDING / _cMARUYAMA, MAGOROH |
| 260 |
_a[S.N] : _bSPRINGER - VERLAG ، _c1992 |
||
| 300 | _a145 P | ||
| 650 | 0 | 4 | _aCOMMUNICATION IN MANAGEMENT |
| 942 |
_2ddc _cBK |
||
| 999 |
_c19599 _d19599 |
||